000 00368nam a2200157Ia 4500
003 OSt
005 20240203102232.0
008 170524s9999 xx 000 0 und d
020 _a978-0070681989
040 _cIIMT
100 _aSharma R.C.
245 0 _aBusiness Correspondence and Report Writing
260 _bTata mcgraw hill
260 _c2002
942 _2ddc
_c02
999 _c6382
_d6382